000 00559nam a2200217Ia 4500
003 OSt
005 20220928141635.0
006 a|||||r|||| 00| 0
007 ta
008 220927b |||||||| |||| 00| 0 eng d
024 _a16472
037 _cTextual
040 _aSDCL
_cSDCL
_beng
041 _2eng
_aeng
082 _aB33:1, M2
100 _aHill J M
_9501303
245 0 _aSolution of differential equations by means of one-parameter groups.
260 _c1982
942 _hB33:1, M2
_cTEXL
_2CC
999 _c818822
_d818822